banner koha

Melhoramento genetico voltado para a cultura do arroz de sequeiro [Oryza sativa] (Registro n. 316459)

MARC details
000 -LÍDER
campo de controle de tamanho fixo 01376naa a22003497a 4500
001 - NÚMERO DE CONTROLE
campo de controle BR8400123
003 - IDENTIFICADOR DO NÚMERO DE CONTROLE
campo de controle BR-BrBNA
005 - DATA E HORÁRIO DA ÚLTIMA TRANSAÇÃO
campo de controle 20240918175404.0
007 - CAMPO FIXO DE DESCRIÇÃO FÍSICA--INFORMAÇÃO GERAL
campo de controle de tamanho fixo ta
008 - CAMPO DE DADOS FIXOS--INFORMAÇÃO GERAL
campo de controle de tamanho fixo 230509b bl.||||| |||| 00| 0 por d
040 ## - FONTE DA CATALOGAÇÃO
Instituição da catalogação original BR-BrBNA
Idioma da catalogação por
Instituição que transcreveu o registro Biblioteca Nacional de Agricultura
041 ## - CÓDIGO DE IDIOMA
Código do idioma do texto/trilha sonora ou título diferente (Pt)
072 ## - CÓDIGO DE CATEGORIA DE ASSUNTO
Código de Categoria de Assunto F30
Código do objeto 0150
090 ## - NÚMERO DE CHAMADA LOCAL
Número de chamada F30 BR8400123
100 1# - ENTRADA PRINCIPAL--NOME PESSOAL
Nome pessoal Morais, O.P. de
100 1# - ENTRADA PRINCIPAL--NOME PESSOAL
Nome pessoal Sant'Ana, E.P.
100 1# - ENTRADA PRINCIPAL--NOME PESSOAL
Nome pessoal Chatel, M.
100 1# - ENTRADA PRINCIPAL--NOME PESSOAL
Nome pessoal Prabhu, A.S.
100 1# - ENTRADA PRINCIPAL--NOME PESSOAL
Nome pessoal Castro, E. de M. de
111 1# - ENTRADA PRINCIPAL--NOME DO EVENTO
Nome do evento ou lugar Simposio sobre a Cultura do Arroz de Sequeiro
Local do evento Jaboticabal, SP (Brazil)
Data do evento ou assinatura do tratado 25 May 1983
245 1# - TÍTULO
Título Melhoramento genetico voltado para a cultura do arroz de sequeiro [Oryza sativa]
246 1# - FORMA VARIANTE DO TÍTULO
Título/título abreviado [Upland rice breeding [Oryza sativa]]
246 1# - FORMA VARIANTE DO TÍTULO
Título/título abreviado [Symposium on Upland Rice Crop. Aspects related to productiveness]
260 3# - PUBLICAÇÃO, DISTRIBUIÇÃO, ETC.
Local de publicação, distribuição, etc. Jaboticabal, SP (Brasil):
Data da publicação, distribuição, etc. 1983.
500 ## - NOTA GERAL
Nota geral Simposio sobre a Cultura do Arroz de Sequeiro. Aspectos relacionados com a produtividade<br/>Jaboticabal, SP (Brasil): 1983. p. 63-89<br/>(BR8400123-AM)F30<br/>
650 ## - ASSUNTO--TERMO TÓPICO
Cabeçalho tópico ou nome geográfico ARROZ SEQUEIRO
650 ## - ASSUNTO--TERMO TÓPICO
Cabeçalho tópico ou nome geográfico GENETICA VEGETAL
650 ## - ASSUNTO--TERMO TÓPICO
Cabeçalho tópico ou nome geográfico VARIEDADE RESISTENTE
773 0# - ENTRADA ANALÍTICA
Título Simposio sobre a Cultura do Arroz de Sequeiro. Aspectos relacionados com a produtividade
Número de controle do registro F30 BR8400123
Partes relacionadas Jaboticabal, SP (Brasil), 1983. p. 63-89
909 ## -
-- 202404
-- Lucia
-- 55
-- Lucia Elande
942 ## - ELEMENTOS DE ENTRADA ADICIONADOS (KOHA)
Tipo de material Koha Capítulo-Livro
Fonte da classificação ou esquema de arquivamento na estante Classificação AGRIS
Exemplares
Situação do descarte Fonte da classificação ou esquema de arquivamento na estante Situação física Não pode ser emprestado Coleção Biblioteca de origem Biblioteca atual Localização na estante Total de empréstimos Número de telefone completo Data de último acesso Número do exemplar Tipo de material Koha Situação das perdas Data de aquisição Fonte de aquisição
  Classificação AGRIS       Biblioteca Nacional de Agricultura - Binagri Biblioteca Nacional de Agricultura - Binagri Agrobase - Acervo Geral   0150 BR8400120 20/05/2024 01 Capítulo-Livro   2024-04-11 Portaria Interministerial nº 164/94

BINAGRI

Telefone: (61)3218-2567/2388/3357/2097 - binagri@agro.gov.br

Ministério da Agricultura e Pecuária , Esplanada dos Ministérios, Bloco D, Anexo B, Brasília/DF, CEP: 70.043-900